Teória a prax medzinárodného manažmentu a podnikania v multikulturálnom prostredí
Salvato in:
| Autore principale: | |
|---|---|
| Altri autori: | , , , , , |
| Natura: | Libro |
| Lingua: | slovacco inglese |
| Pubblicazione: |
Ostrava
Vysoká škola báňská - Technická univerzita Ostrava
2021
|
| Edizione: | 1. vydanie |
| Soggetti: | |
| Tags: |
Nessun Tag, puoi essere il primo ad aggiungerne!!
|
MARC
| LEADER | 00000nam a2200000 4500 | ||
|---|---|---|---|
| 001 | 0296194 | ||
| 005 | 20240502083952.8 | ||
| 020 | |a 978-80-248-4516-6 | ||
| 041 | 0 | |a slo | |
| 041 | 0 | |a eng | |
| 044 | |a CZ | ||
| 245 | 1 | 0 | |a Teória a prax medzinárodného manažmentu a podnikania v multikulturálnom prostredí |c Iveta Ubrežiová, Mária Ria Janošková, Ladislav Mura, Anna Diačiková, Oksana Sokil ; recenzentky: Bohuslava Mihalčová, Adriana Csikósová |
| 250 | |a 1. vydanie | ||
| 264 | 1 | |a Ostrava |b Vysoká škola báňská - Technická univerzita Ostrava |c 2021 | |
| 300 | |a 235 s. [16,63 AH] | ||
| 610 | 2 | 0 | |a manažment medzinárodný |
| 610 | 2 | 0 | |a teória a prax |
| 610 | 2 | 0 | |a podnikanie medzinárodné |
| 610 | 2 | 0 | |a komunikácia multikultúrna |
| 100 | 1 | |a Ubrežiová, Iveta | |
| 700 | 1 | |a Janošková, Mária, 1965- | |
| 700 | 1 | |a Mura, Ladislav, 1979- | |
| 700 | 1 | |a Diačiková, Anna | |
| 700 | 1 | |a Sokil, Oksana | |
| 700 | 1 | |a Mihalčová, Bohuslava, 1963- | |
| 700 | 1 | |a Csikósová, Adriana | |